What was happening in 2025!!! - Statistics

General Stats
  • This quiz has been taken 10 times
  • The average score is 6 of 14
Answer Stats
Hint Answer % Correct
What numbers became an infamously iconic meme of the year? 67
75%
Lebron James started this season becoming the longest tenured player in the league, how many seasons has he played? 23
63%
Who was the infamous political commentator that was assassinated in 2025? Charlie Kirk
63%
The Philadelphia Eagles won the 2025 Superbowl, who did they beat? Kansas City Chiefs
63%
Oasis reunited in 2025, how many years had it been since they performed together? 16
50%
Who did Zohran Mamdani beat to become the 112th Mayor of New York City? Andrew Cuomo
50%
Which famous WWE wrestler retired in 2025 after 23 years? John Cena
50%
The fastest lap in Formula One history was recorded in 2025, who did it? Max Verstappen
50%
In a heartbreaking turn of events, Luka Doncic was traded from the Dallas Mavericks to the LA Lakers for which aging star? Anthony Davis
38%
Who broke her own record for the 800m freestyle event in 2025? Katie Ledecky
38%
Who won song and record of the year at the 2025 Grammy's? Kendrick Lamar
38%
Who was the Deputy Prime Minister of Australia in 2025? Richard Marles
25%
Pope Francis sadly passed away in 2025, of what number was the Pope who succeeded him associated with? 14
13%
In May 2025, what statue of a famous singer was recovered in Paris? Jim Morrison
0%
No matching quizzes found
Score Distribution
Percent of People with Each Score
Percentile by Number Answered
Your Score History
You have not taken this quiz